1429 1973 1970 2000 1952 1184 1701 1949 1642 1603 1768 1701 1276 1351 1987 1199 1486 1446 1468 1880 1800 1669 1326 1605 1053 1071 1492 1760 1498 1044 1255 1901 1417 1198 1793 1305 1141 1093 1592 1435 1906 1467 1279 1166 1337 1261 1456 1334 1508 1758 1610 1894 1036 1218 1685 1273 1160 1989 1967 1215 1366 1897 1638 1695 1764 1446 1515 1125 1326 1178 1997 1602 1192 1596 1746 1463 1288 1934 1590 1072 1080 1728 1859 1147 1196 1196 1778 1349 1388 1128 1756 1245 1951 1970 1807 1895 1560 1484 1476 BCNSPRNW ULIB Ver.6.0+V

เปลี่ยนเป็นภาษาไทย

Change to English
 แสดงรายละเอียดบรรณานุกรม
  กลับหน้าหลัก

Brief Record : Get Marc (ISO 2709) : E-mail record : QR code < ปิดหน้าต่าง
LEADER : 00000nam 2200000uu 4500
001    13399108639
003     ULIB
008    110203s2553||||th 000 0 tha d
020    9789749608418
060 04 QY25^bป411ค
100 0  ประสาร เปรมะสกุล,^cพลเอก
245 10 คู่มือแปลผลตรวจเลือด:ไวรัสลงตับ /^cพลเอก ประสาร เปรมะสกุล
250    พิมพ์ครั้งที่ 1
260    กรุงเทพฯ :^bอรุณการพิมพ์,^c2553
300    454 หน้า :^bภาพประกอบ ;^c23 ซม.
650  7 ไวรัสตับอักเสบ
650  7 ตับ^xโรค
650  7 เลือด^xการตรวจ
945    ^p350^l0^i028705
945    ^p350^l0^i028704
945    ^p350^l0^i028703
995    ทศพร
999 ^a ใช้งานได้ทุกระบบ
รายการนี้ยังไม่มีแท็ก
คุณยังไม่ได้ล็อกอิน คุณสามารถมีกิจกรรมร่วมกับเว็บไซต์ได้ แต่ต้องล็อกอินก่อน ::
  ล็อกอิน

รายการสื่อสารสนเทศ

ลำดับที่ ประเภท เลขเรียก/บาร์โค้ด สถานที่ สถานะ
1. วิทยาศาสตร์การแพทย์ และสุขภาพ
หนังสือสำรอง
สถานะ=หนังสือสำรอง
QY25 ป411ค ฉ.1 
  Barcode: 028703
ห้องสมุดวิทยาเขตสวรรค์ประชารักษ์
►ส่วนจัดเก็บหนังสือเก่า สปร
บนชั้น
  ขอยืม
2. วิทยาศาสตร์การแพทย์ และสุขภาพ
วิทยาศาสตร์การแพทย์ และสุขภาพ
QY25 ป411ค ฉ.2 
  Barcode: 028704
ห้องสมุดวิทยาเขตสวรรค์ประชารักษ์
►ส่วนจัดเก็บหนังสือเก่า สปร
บนชั้น
  ขอยืม
3. วิทยาศาสตร์การแพทย์ และสุขภาพ
วิทยาศาสตร์การแพทย์ และสุขภาพ
QY25 ป411ค ฉ.3 
  Barcode: 028705
ห้องสมุดวิทยาเขตสวรรค์ประชารักษ์
►ส่วนจัดเก็บหนังสือเก่า สปร
บนชั้น
  ขอยืม

รายการใกล้เคียง
    หัวเรื่อง [ไวรัสตับอักเสบ]

BibComment


ยังไม่เคยถูกคอมเมนท์

คอมเมนท์ทรัพยากรรายการนี้
  คอมเมนท์: คู่มือแปลผลตรวจเล..


 Copyright 2026. Bcnsprnw @Library